书目信息 |
| 题名: |
水泵及水泵站
|
|
| 作者: | 姜乃昌 主编 | |
| 分册: | ||
| 出版信息: | 北京 中国建筑工业出版社 1985 |
|
| 页数: | 203页 | |
| 开本: | 28cm | |
| 丛书名: | ||
| 单 册: | ||
| 中图分类: | TU991.35-43 | |
| 科图分类: | ||
| 主题词: | 给水工程:市政工程 , 城市供水系统 | |
| 电子资源: | ||
| ISBN: | 7-112-01826-9 | |
| 000 | 00595nam0 2200205 45 | |
| 001 | 1533978934 | |
| 005 | 20150429161505.63 | |
| 010 | @a7-112-01826-9@dCNY1.80 | |
| 100 | @a20001210d1985 km y0chiy0120 ea | |
| 101 | 0 | @achi |
| 200 | 1 | @a水泵及水泵站@Ashui beng ji shui beng zhan@f姜乃昌主编@FJiang Nai Chang Zhu Bian |
| 205 | @a2版 | |
| 210 | @a北京@c中国建筑工业出版社@d1985 | |
| 215 | @a203页@d28cm | |
| 606 | 0 | @a给水工程:市政工程 |
| 606 | 0 | @a城市供水系统 |
| 690 | @aTU991.35-43@v3 | |
| 701 | 0 | @a姜乃昌@4主编 |
| 801 | @aCN@bPftUser@c20001210 | |
| 905 | @dTU991.35-43@eJ117=2@b518350-358@f9 | |
| 水泵及水泵站/姜乃昌主编.-2版.-北京:中国建筑工业出版社,1985 |
| 203页;28cm |
| ISBN 7-112-01826-9:CNY1.80 |
| ● |
| 相关链接 |
|
|
|
正题名:水泵及水泵站
索取号:TU991.35-43/J117=2
 
预约/预借
| 序号 | 登录号 | 条形码 | 馆藏地/架位号 | 状态 | 备注 |
| 1 | 496528 | 204965289 | 能源与建筑环境工程学院资料室/ [索取号:TU991.35-43/J117=2] | 在馆 |